<?xml version="1.0" encoding="UTF-8"?>
<record
    xmlns:xsi="http://www.w3.org/2001/XMLSchema-instance"
    xsi:schemaLocation="http://www.loc.gov/MARC21/slim http://www.loc.gov/standards/marcxml/schema/MARC21slim.xsd"
    xmlns="http://www.loc.gov/MARC21/slim">

  <leader>00995nam a22002297a 4500</leader>
  <controlfield tag="001">HIN-125852</controlfield>
  <controlfield tag="003">dpl</controlfield>
  <controlfield tag="005">20230906153102.0</controlfield>
  <controlfield tag="008">230906b        |||||||| |||| 00| 0 eng d</controlfield>
  <datafield tag="010" ind1=" " ind2=" ">
    <subfield code="a">HN-98198</subfield>
  </datafield>
  <datafield tag="020" ind1=" " ind2=" ">
    <subfield code="a">9788193153437</subfield>
  </datafield>
  <datafield tag="040" ind1=" " ind2=" ">
    <subfield code="c">DBAD/PUB</subfield>
  </datafield>
  <datafield tag="082" ind1=" " ind2=" ">
    <subfield code="2"> </subfield>
    <subfield code="a">181.4</subfield>
  </datafield>
  <datafield tag="100" ind1=" " ind2=" ">
    <subfield code="a">&#x928;&#x93E;&#x917;&#x930;&#x93E;&#x91C;&#x928;,&#x915;&#x930;&#x941;&#x923;&#x93E; (Et. All...)</subfield>
    <subfield code="9">56005</subfield>
  </datafield>
  <datafield tag="245" ind1=" " ind2=" ">
    <subfield code="a">&#x92F;&#x94B;&#x917; &#x936;&#x93F;&#x915;&#x94D;&#x937;&#x93E;:</subfield>
    <subfield code="h">&#x939;&#x93F;&#x902;&#x926;&#x940;</subfield>
    <subfield code="b">&#x92A;&#x930;&#x93E;&#x92E;&#x94D;&#x92D;&#x93F;&#x915; &#x936;&#x93F;&#x915;&#x94D;&#x937;&#x93E; &#x92E;&#x947; &#x921;&#x93F;&#x92A;&#x94D;&#x932;&#x94B;&#x92E;&#x93E;/</subfield>
  </datafield>
  <datafield tag="260" ind1=" " ind2=" ">
    <subfield code="a"> &#x928;&#x908; &#x926;&#x93F;&#x932;&#x94D;&#x932;&#x940;</subfield>
    <subfield code="b">&#x930;&#x93E;&#x937;&#x94D;&#x91F;&#x940;&#x92F; &#x905;&#x927;&#x94D;&#x92F;&#x93E;&#x92A;&#x915; &#x936;&#x93F;&#x915;&#x94D;&#x937;&#x93E; &#x92A;&#x930;&#x93F;&#x937;&#x926;&#x94D;</subfield>
  </datafield>
  <datafield tag="300" ind1=" " ind2=" ">
    <subfield code="a">249 &#x92A;.</subfield>
    <subfield code="c">28&#x938;&#x947;&#x92E;&#x940; (&#x905;&#x91C;&#x93F;&#x932;&#x94D;&#x926;)</subfield>
  </datafield>
  <datafield tag="700" ind1=" " ind2=" ">
    <subfield code="9">56009</subfield>
    <subfield code="a">&#x928;&#x93E;&#x917;&#x947;&#x936;&#x94D;&#x935;&#x930;&#x928;&#x93E;&#x925;</subfield>
    <subfield code="e">&#x905;&#x928;&#x941;&#x935;&#x93E;&#x926;&#x915;</subfield>
  </datafield>
  <datafield tag="700" ind1=" " ind2=" ">
    <subfield code="a">&#x92C;&#x940;. &#x90F;&#x938;. &#x921;&#x93E;&#x917;&#x930;</subfield>
    <subfield code="e">&#x938;&#x902;&#x92A;&#x93E;&#x926;&#x915; </subfield>
    <subfield code="9">56072</subfield>
  </datafield>
  <datafield tag="700" ind1=" " ind2=" ">
    <subfield code="a">&#x938;&#x941;&#x927;&#x93F;&#x915;&#x93E;&#x902;&#x924; &#x92D;&#x93E;&#x930;&#x926;&#x94D;&#x935;&#x93E;&#x91C;</subfield>
    <subfield code="e">&#x938;&#x902;&#x92A;&#x93E;&#x926;&#x915;</subfield>
    <subfield code="9">56073</subfield>
  </datafield>
  <datafield tag="942" ind1=" " ind2=" ">
    <subfield code="2">ddc</subfield>
    <subfield code="c">HN</subfield>
    <subfield code="h">181.4</subfield>
    <subfield code="m">&#x928;&#x93E;&#x917;</subfield>
  </datafield>
  <datafield tag="999" ind1=" " ind2=" ">
    <subfield code="c">197934</subfield>
    <subfield code="d">197934</subfield>
  </datafield>
  <datafield tag="952" ind1=" " ind2=" ">
    <subfield code="0">0</subfield>
    <subfield code="1">0</subfield>
    <subfield code="2">ddc</subfield>
    <subfield code="4">0</subfield>
    <subfield code="7">0</subfield>
    <subfield code="8">NFIC</subfield>
    <subfield code="a">CJ</subfield>
    <subfield code="b">CJ</subfield>
    <subfield code="d">2023-09-06</subfield>
    <subfield code="e">DBAD/PUB</subfield>
    <subfield code="g">500.00</subfield>
    <subfield code="l">0</subfield>
    <subfield code="o">181.4 &#x928;&#x93E;&#x917;</subfield>
    <subfield code="p">HN-98198</subfield>
    <subfield code="r">2023-09-06 00:00:00</subfield>
    <subfield code="t">1</subfield>
    <subfield code="v">500.00</subfield>
    <subfield code="w">2023-09-06</subfield>
    <subfield code="y">HN</subfield>
  </datafield>
</record>
